Normal view
MARC view
- الاردن-تاريخ معاصر -عهد الامارة 1921-1946
Entry Topical Term
001 - CONTROL NUMBER
- control field: 15219
003 - CONTROL NUMBER IDENTIFIER
- control field: JO-AjAnu
005 - DATE AND TIME OF LATEST TRANSACTION
- control field: 20230606072729.0
008 - FIXED-LENGTH DATA ELEMENTS
- fixed length control field: 230606|| aca||aabn | a|a d
040 ## - CATALOGING SOURCE
- Original cataloging agency: JO-AjAnu
- Transcribing agency: JO-AjAnu
150 ## - HEADING--TOPICAL TERM
- Topical term or geographic name entry element: الاردن-تاريخ معاصر -عهد الامارة 1921-1946
670 ## - SOURCE DATA FOUND
- Source citation: Work cat.: (JO-AjAnu)7813: تاليف محافظه، علي, author 15218, تاريخ الأردن المعاصر: عهد الإمارة 1921-1946